| 000 | 01151cam a22002531i 4500 | ||
|---|---|---|---|
| 003 | OSt | ||
| 005 | 20250827071523.0 | ||
| 008 | 250824s1971 xx g 000 0 ara c | ||
| 040 |
_aSA-JeALM _bara _cSA-RiAUC _erda |
||
| 082 | 0 | 4 |
_a239.9 _qSA-RiAUC |
| 090 |
_a239.9 _b م ك ي |
||
| 100 | 1 |
_aالمكي، عبد الفتاح حسين راوة، _d1334-1424 هجري _eمؤلف. |
|
| 245 | 1 | 0 |
_aإتحاف الصديق بمناقب الصديق أبو بكر الخليفة الأول الراشد رضي الله تعالى عنه / _cعبدالفتاح حسين راوه المكي. |
| 250 | _aالطبعة الأولى. | ||
| 264 | 1 |
_a[مكان النشر غير محدد] : _bدار الاتحاد العربي، _c1971 |
|
| 300 |
_a119 صفحة ؛ _c24 سم |
||
| 336 |
_aنص _btxt _2rdacontent _3كتاب |
||
| 337 |
_aبدون وسيط _bn _2rdamedia |
||
| 338 |
_aمجلد _bnc _2rdacarrier |
||
| 500 | _aإهداء من المؤلف عبدالفتاح حسين راوه المكي بتاريخ 1405/2/23 هـ | ||
| 650 | 7 |
_aالصحابة والتابعون _2aucsh |
|
| 942 |
_2ddc _cBOOK _n0 |
||
| 949 |
_aSA-JeALM _d250824 _umohamedma123 _n1 |
||
| 999 |
_c11192 _d11192 |
||